| 000 | 00680nam a2200217 a 4500 | ||
|---|---|---|---|
| 005 | 20240924071246.0 | ||
| 008 | 090619s2005 mx r 000 0 spa d | ||
| 020 | _a8493443948 | ||
| 035 | _aUPN01000171268 | ||
| 049 | _aI | ||
| 050 | 4 |
_aPZ43 _bM6.3 |
|
| 100 | 1 |
_aMorante, Elsa, _d1912-1985 |
|
| 245 | 1 | 4 |
_aLas extraordinaras aventuras de Caterina / _cElsa Morante ; tr. de Salustiano Masó. |
| 260 |
_aMadrid : _bGadir, _cc2005. |
||
| 300 |
_a137 p. : _bil. |
||
| 440 | 3 | _aEl bosque viejo | |
| 534 |
_pTítulo original: _tLe straordinarie avventure di Caterina |
||
| 650 | 4 |
_aCuentos infantiles italianos _97373 |
|
| 650 | 4 |
_aLiteratura infantil _94445 |
|
| 905 | _aInfantil | ||
| 999 |
_c143373 _d143373 |
||